[Event "2nd Sanjin Hotel Cup"]
[Site "Tiayuan CHN"]
[Date "2005.07.18"]
[EventDate "2005.07.09"]
[Round "9"]
[Result "1-0"]
[White "Pentala Harikrishna"]
[Black "Bu Xiangzhi"]
[WhiteElo "2645"]
[BlackElo "2632"]
[PlyCount "71"]

1. e4 c5 2. Nc3 a6 3. f4 b5 4. g3 Bb7 5. Bg2 e6 6. d3 d5
7. Qe2 Nc6 8. Nf3 Nd4 9. Nxd4 cxd4 10. Nd1 dxe4 11. dxe4 Rc8
12. O-O Nf6 13. Nf2 Be7 14. b3 O-O 15. Bb2 Qb6 16. Rad1 Rfd8
17. Rd3 Qc7 18. Rc1 e5 19. fxe5 Qxe5 20. Rcd1 Qh5 21. Bf3 Qg6
22. Bxd4 Re8 23. c3 Bf8 24. e5 Bxf3 25. Rxf3 Nd7 26. Nd3 Nc5
27. Nxc5 Bxc5 28. Bxc5 Rxc5 29. Rd7 Rf8 30. Rd6 Qh5 31. e6 Rc7
32. Rd7 Qc5+ 33. Qe3 Qxe3+ 34. Rxe3 Rcc8 35. e7 Rfe8 36. Red3
1-0

[Event "6th Lausanne Young Masters"]
[Site "Lausanne SUI"]
[Date "2005.09.16"]
[EventDate "2005.09.14"]
[Round "2.1"]
[Result "1-0"]
[White "Andrei Volokitin"]
[Black "Pentala Harikrishna"]
[WhiteElo "2671"]
[BlackElo "2645"]
[PlyCount "81"]

1. e4 e5 2. Nf3 d6 3. d4 exd4 4. Nxd4 Nf6 5. Nc3 Be7 6. Bf4
O-O 7. Qd2 Nc6 8. O-O-O Nxd4 9. Qxd4 Be6 10. f3 Nd7 11. Qe3
Qb8 12. g4 Ne5 13. h4 c6 14. g5 b5 15. Bg3 Qb6 16. Qxb6 axb6
17. f4 Ng4 18. f5 Bxa2 19. Bxd6 Bxd6 20. Rxd6 b4 21. Nd1 b3
22. c3 Ra4 23. Bd3 Rfa8 24. Kd2 Kf8 25. Rd4 c5 26. Rxa4 Rxa4
27. Rf1 b5 28. Ne3 Nxe3 29. Kxe3 c4 30. Be2 Ra8 31. Rd1 Re8
32. f6 b4 33. Kd4 gxf6 34. gxf6 Re6 35. e5 bxc3 36. Kxc3 Rxe5
37. Rd8+ Re8 38. Rxe8+ Kxe8 39. Bxc4 h6 40. Bxb3 Bb1 41. Kd4
1-0

[Event "6th Lausanne Young Masters"]
[Site "Lausanne SUI"]
[Date "2005.09.17"]
[EventDate "2005.09.14"]
[Round "2.2"]
[Result "1/2-1/2"]
[White "Pentala Harikrishna"]
[Black "Andrei Volokitin"]
[WhiteElo "2645"]
[BlackElo "2671"]
[PlyCount "91"]

1. e4 c5 2. Nf3 d6 3. d4 cxd4 4. Nxd4 Nf6 5. Nc3 a6 6. Be3 e5
7. Nf3 Qc7 8. a4 Be7 9. Be2 O-O 10. a5 Nc6 11. Bb6 Qd7 12. Nd2
d5 13. Nxd5 Nxd5 14. exd5 Qxd5 15. O-O Bf5 16. Nc4 Nd4 17. Bd3
Bxd3 18. Qxd3 Bc5 19. Rfe1 Rae8 20. Ne3 Qd6 21. Bxc5 Qxc5
22. c3 Ne6 23. b4 Nf4 24. Qc4 Qd6 25. Qe4 Qg6 26. Qxg6 hxg6
27. Nc4 Rc8 28. Nd6 Rxc3 29. Rxe5 b5 30. Ne4 Rc6 31. Nc5 Ne6
32. Nxe6 Rxe6 33. Rxe6 fxe6 34. Re1 Rc8 35. f3 Kf7 36. Re4 g5
37. Kf2 Rc2+ 38. Kg3 Rb2 39. f4 gxf4+ 40. Rxf4+ Kg6 41. h4
Rb3+ 42. Kh2 e5 43. Rg4+ Kh5 44. Re4 Kg6 45. Rxe5 Rxb4
46. Re6+ 1/2-1/2

[Event "XXII Reykjavik Open"]
[Site "Reykjavik ISL"]
[Date "2006.03.06"]
[EventDate "2006.03.06"]
[Round "1"]
[Result "1/2-1/2"]
[White "Pentala Harikrishna"]
[Black "Gudmundur Kjartansson"]
[WhiteElo "2673"]
[BlackElo "2287"]
[PlyCount "67"]

1. d4 Nf6 2. c4 e6 3. Nf3 b6 4. g3 Ba6 5. b3 Bb4+ 6. Bd2 Be7
7. Nc3 d5 8. cxd5 Nxd5 9. Bg2 O-O 10. O-O Nd7 11. Re1 c5
12. dxc5 bxc5 13. Qc2 N7f6 14. Rad1 Rc8 15. Bg5 Qc7 16. e4 Nb4
17. Qb1 c4 18. bxc4 Bxc4 19. Bxf6 gxf6 20. a3 Bd3 21. Rxd3
Nxd3 22. Nd5 Nxe1 23. Nxc7 Nxf3+ 24. Bxf3 Rxc7 25. a4 Rfc8
26. Qb5 Kg7 27. Qh5 Rc2 28. Qg4+ Kf8 29. Qf4 R8c3 30. Bh5 Bc5
31. Qxf6 Rxf2 32. Qd8+ Kg7 33. Qg5+ Kf8 34. Qd8+ 1/2-1/2

[Event "XXII Reykjavik Open"]
[Site "Reykjavik ISL"]
[Date "2006.03.08"]
[EventDate "2006.03.06"]
[Round "3"]
[Result "1/2-1/2"]
[White "Pentala Harikrishna"]
[Black "Hedinn Steingrimsson"]
[WhiteElo "2673"]
[BlackElo "2439"]
[PlyCount "47"]

1. e4 c5 2. Nf3 d6 3. d4 cxd4 4. Nxd4 Nf6 5. Nc3 a6 6. Be3 e5
7. Nb3 Be6 8. f3 Be7 9. Qd2 O-O 10. O-O-O Nbd7 11. g4 b5
12. g5 b4 13. Ne2 Ne8 14. Ng3 a5 15. Kb1 a4 16. Nc1 b3 17. Nf5
bxc2+ 18. Kxc2 Qc8+ 19. Kb1 Bd8 20. Nxd6 Nxd6 21. Qxd6 a3
22. b3 Be7 23. Qd2 Rb8 24. Ba7 1/2-1/2

[Event "4th Marx Gyorgy Memorial"]
[Site "Paks HUN"]
[Date "2006.07.30"]
[EventDate "2006.07.28"]
[Round "3"]
[Result "1-0"]
[White "Pentala Harikrishna"]
[Black "Zoltan Almasi"]
[WhiteElo "2682"]
[BlackElo "2672"]
[PlyCount "107"]

1. e4 e5 2. Nf3 Nc6 3. Bb5 Nf6 4. O-O Nxe4 5. d4 Nd6 6. Bxc6
dxc6 7. dxe5 Nf5 8. Qxd8+ Kxd8 9. Nc3 Ne7 10. h3 h6 11. Be3
Bf5 12. Rad1+ Kc8 13. Nd4 Bh7 14. e6 c5 15. Ndb5 a6 16. Rd7
axb5 17. Nxb5 Nd5 18. Rxd5 fxe6 19. Rd2 Rxa2 20. Rfd1 Be7
21. Rd7 Bd6 22. Nxd6+ Kxd7 23. Nf7+ Ke7 24. Nxh8 b6 25. Bf4
Ra8 26. Bxc7 Rxh8 27. Bxb6 Rc8 28. Rd2 c4 29. Ba5 Be4 30. Bb4+
Ke8 31. Bc3 g6 32. f3 Bd5 33. Kf2 Ra8 34. Rd1 Kf7 35. Ke3 g5
36. h4 gxh4 37. Rh1 Rg8 38. Kf2 h5 39. Rxh4 Rg5 40. Rh1 e5
41. Bd2 Rf5 42. Ra1 Be4 43. Ra4 Bxc2 44. Rxc4 Bd3 45. Rc7+ Kg6
46. Ke3 Bf1 47. Rc1 Bb5 48. Ke4 h4 49. Rc5 Bf1 50. Rc6+ Rf6
51. Rxf6+ Kxf6 52. Be1 h3 53. gxh3 Bxh3 54. Bc3 1-0

[Event "4th Marx Gyorgy Memorial"]
[Site "Paks HUN"]
[Date "2006.08.03"]
[EventDate "2006.07.28"]
[Round "6"]
[Result "1/2-1/2"]
[White "Pentala Harikrishna"]
[Black "Peter Acs"]
[WhiteElo "2682"]
[BlackElo "2520"]
[PlyCount "67"]

1. d4 d5 2. c4 c6 3. Nc3 Nf6 4. Nf3 dxc4 5. a4 Bg4 6. Ne5 Bh5
7. f3 Nfd7 8. Nxc4 e5 9. Ne4 Bb4+ 10. Bd2 Qe7 11. Nxe5 Nxe5
12. dxe5 Nd7 13. Bxb4 Qxb4+ 14. Qd2 Qxd2+ 15. Kxd2 O-O-O
16. Ng3 Bg6 17. e4 Rhe8 18. Be2 Rxe5 19. Ke3 f6 20. a5 Re7
21. Kf2 Nc5 22. Rhd1 Rxd1 23. Rxd1 Nb3 24. Rd3 Nc1 25. Rc3
Nxe2 26. Nxe2 f5 27. exf5 Bxf5 28. a6 Bd7 29. axb7+ Kxb7
30. Rb3+ Kc7 31. Ra3 Kb6 32. Rb3+ Kc7 33. Ra3 Kb6 34. Rb3+
1/2-1/2

[Event "Spanish Team Championship"]
[Site "San Sebastian ESP"]
[Date "2006.09.14"]
[EventDate "2006.09.13"]
[Round "2"]
[Result "1/2-1/2"]
[White "Pentala Harikrishna"]
[Black "Alexey Shirov"]
[WhiteElo "2682"]
[BlackElo "2716"]
[PlyCount "70"]

1. e4 e5 2. Nf3 Nf6 3. Nxe5 d6 4. Nf3 Nxe4 5. d4 d5 6. Bd3 Bd6
7. O-O O-O 8. Re1 Bf5 9. c4 c6 10. Qb3 Na6 11. cxd5 cxd5
12. Nc3 Be6 13. Qd1 f5 14. Ng5 Bf7 15. Nh3 Qc7 16. g3 Nxc3
17. bxc3 Qxc3 18. Be3 g6 19. Bxa6 bxa6 20. Rc1 Qa3 21. Bf4
Bxf4 22. Nxf4 Rac8 23. Rxc8 Rxc8 24. Qb1 Qc3 25. Re7 Qc1+
26. Qxc1 Rxc1+ 27. Kg2 Rd1 28. Rxa7 g5 29. Nh3 h6 30. Rxa6 Kg7
31. Ra4 Bh5 32. Ng1 Rd3 33. Kf1 Rd1+ 34. Kg2 Rd3 35. Kf1 Rd1+
1/2-1/2

[Event "Cap d'Agde"]
[Site "Cap d'Agde FRA"]
[Date "2006.10.29"]
[EventDate "2006.10.27"]
[Round "6"]
[Result "1-0"]
[White "Sergey Karjakin"]
[Black "Pentala Harikrishna"]
[WhiteElo "2672"]
[BlackElo "2674"]
[PlyCount "71"]

1. e4 e5 2. Nf3 Nc6 3. Bb5 a6 4. Ba4 Nf6 5. O-O Be7 6. Re1 d6
7. c3 Bg4 8. d3 Nd7 9. Be3 h6 10. h3 Bh5 11. Nbd2 Bg5 12. Qe2
Bxe3 13. Qxe3 b5 14. Bc2 O-O 15. Nf1 Bg6 16. Ng3 Nf6 17. b4 d5
18. Bb3 d4 19. cxd4 exd4 20. Qd2 a5 21. a3 axb4 22. axb4 Rxa1
23. Rxa1 Qe7 24. Rc1 Qxb4 25. Qxb4 Nxb4 26. Ne5 Kh7 27. Rxc7
Ra8 28. Bxf7 Bxf7 29. Rxf7 Re8 30. f4 Rc8 31. Nf5 Ne8 32. Nxd4
Kg8 33. Ne6 Kh7 34. f5 Nc6 35. Nxc6 Rxc6 36. Rb7 1-0

[Event "Russian Team Championship"]
[Site "Sochi RUS"]
[Date "2007.05.04"]
[EventDate "2007.05.02"]
[Round "3"]
[Result "1/2-1/2"]
[White "Sergey Karjakin"]
[Black "Pentala Harikrishna"]
[WhiteElo "2686"]
[BlackElo "2650"]
[PlyCount "60"]

1. e4 e5 2. Nf3 Nc6 3. Bb5 a6 4. Ba4 Nf6 5. O-O Be7 6. Re1 b5
7. Bb3 O-O 8. h3 Bb7 9. d3 Re8 10. Nc3 h6 11. a3 Bc5 12. Nd5
Nd4 13. Nxd4 Bxd4 14. c3 Ba7 15. Nxf6+ Qxf6 16. Be3 c5 17. Qg4
d6 18. a4 Bc8 19. Qg3 c4 20. Bxa7 cxb3 21. Be3 Bd7 22. a5 Re6
23. f4 exf4 24. Qxf4 Qxf4 25. Bxf4 Rae8 26. Bg3 f5 27. Kf2
fxe4 28. Rxe4 Rxe4 29. dxe4 Rxe4 30. Bxd6 Be6 1/2-1/2

[Event "Russian Team Championship"]
[Site "Sochi RUS"]
[Date "2007.05.07"]
[EventDate "2007.05.02"]
[Round "6"]
[Result "1/2-1/2"]
[White "Pentala Harikrishna"]
[Black "Alexander Riazantsev"]
[WhiteElo "2650"]
[BlackElo "2621"]
[PlyCount "22"]

1. d4 Nf6 2. Nf3 e6 3. c4 b6 4. g3 Bb4+ 5. Bd2 Bxd2+ 6. Nbxd2
Bb7 7. Bg2 O-O 8. O-O d6 9. Qc2 Nbd7 10. e4 e5 11. b4 Qe7
1/2-1/2

[Event "Russian Team Championship"]
[Site "Sochi RUS"]
[Date "2007.05.10"]
[EventDate "2007.05.02"]
[Round "9"]
[Result "0-1"]
[White "Baadur Aleksandrovich Jobava"]
[Black "Pentala Harikrishna"]
[WhiteElo "2658"]
[BlackElo "2650"]
[PlyCount "100"]

1. e4 e5 2. Nf3 Nc6 3. Bb5 a6 4. Ba4 Nf6 5. O-O Be7 6. Re1 b5
7. Bb3 O-O 8. d4 d6 9. c3 Bg4 10. d5 Na5 11. Bc2 c6 12. h3 Bc8
13. dxc6 Qc7 14. Nbd2 Qxc6 15. Nf1 h6 16. Ng3 Re8 17. Nh4 Bf8
18. Qf3 Re6 19. Nhf5 Bb7 20. b3 d5 21. exd5 Qxd5 22. Ne4 Nxe4
23. Rxe4 Qd7 24. Qg4 Rd8 25. Rxe5 Rg6 26. Nxh6+ gxh6 27. Bxg6
Qd1+ 28. Kh2 Qxg4 29. Bxf7+ Kxf7 30. hxg4 Bd6 31. Bf4 Bxe5
32. Bxe5 Rd5 33. Bf4 h5 34. gxh5 Rxh5+ 35. Kg3 Rc5 36. c4 Rc8
37. cxb5 Rg8+ 38. Kh4 axb5 39. Rc1 Bxg2 40. Rc5 Nc6 41. Rxb5
Nd4 42. Ra5 Nf3+ 43. Kh5 Bh3 44. Ra7+ Kf6 45. Kh6 Bf5 46. Ra6+
Be6 47. Kh7 Rg7+ 48. Kh6 Rg4 49. Bg3 Rg8 50. Ra7 Ng5 0-1

[Event "Bilbao Blindfold Chess World Cup"]
[Site "Bilbao ESP"]
[Date "2007.10.17"]
[EventDate "2007.10.16"]
[Round "3"]
[Result "1/2-1/2"]
[White "Veselin Topalov"]
[Black "Pentala Harikrishna"]
[WhiteElo "2769"]
[BlackElo "2668"]
[PlyCount "100"]

1. e4 e6 2. d4 d5 3. Nd2 c5 4. Ngf3 Nc6 5. exd5 exd5 6. Bb5
Bd6 7. O-O cxd4 8. Nb3 Nge7 9. Bxc6+ bxc6 10. Qxd4 O-O 11. Bf4
Nf5 12. Qa4 Qb6 13. Rfe1 c5 14. Rad1 Be6 15. Ng5 Rae8 16. Bxd6
Nxd6 17. Qa5 Nb7 18. Qc3 h6 19. Nxe6 fxe6 20. Qe3 a5 21. c4 a4
22. Nd2 Nd6 23. b3 axb3 24. axb3 d4 25. Qg3 e5 26. Rxe5 Nf5
27. Qf4 Qb8 28. Re4 Nd6 29. Rxe8 Rxe8 30. h3 Re6 31. Qf3 Kh7
32. Qd5 Qc8 33. Nf3 Ne8 34. Qf5+ Kg8 35. Qd3 Nf6 36. b4 cxb4
37. Qxd4 Ne4 38. Qd8+ Re8 39. Qd5+ Kh7 40. Re1 Nc3 41. Qd3+
Kg8 42. Rxe8+ Qxe8 43. c5 Qe6 44. Qd8+ Kh7 45. Qb6 Qc4 46. c6
Ne2+ 47. Kh2 Qf4+ 48. Kh1 Qc1+ 49. Kh2 Qf4+ 50. Kh1 Qc1+
1/2-1/2

[Event "Bilbao Blindfold Chess World Cup"]
[Site "Bilbao ESP"]
[Date "2007.10.17"]
[EventDate "2007.10.16"]
[Round "4"]
[Result "1-0"]
[White "Pentala Harikrishna"]
[Black "Veselin Topalov"]
[WhiteElo "2668"]
[BlackElo "2769"]
[PlyCount "91"]

1. e4 c5 2. Nf3 d6 3. Bc4 Nc6 4. d3 Nf6 5. O-O g6 6. h3 Bg7
7. c3 O-O 8. Bb3 b5 9. Re1 a5 10. a3 e5 11. Bg5 a4 12. Ba2 h6
13. Bh4 Qe8 14. Nbd2 Be6 15. Nf1 Bxa2 16. Rxa2 Qe6 17. Ra1 Nd7
18. Ne3 Nb6 19. Rc1 Na5 20. g4 Nb3 21. Rb1 d5 22. Qe2 d4
23. cxd4 cxd4 24. Nc2 Rfc8 25. Nb4 f6 26. Bg3 g5 27. Nd2 Bf8
28. Nf1 Bxb4 29. axb4 Rc6 30. Qf3 Nc8 31. Bh2 Ne7 32. Rbd1 Ng6
33. Ng3 Nh4 34. Qh1 Rac8 35. Nf5 Nxf5 36. exf5 Qd6 37. h4 Rc2
38. Bg3 Qd7 39. hxg5 hxg5 40. Qh6 Qg7 41. Qh1 Nd2 42. Re2 Nb3
43. Rxc2 Rxc2 44. Qd5+ Qf7 45. Qxb5 Nc5 46. bxc5 1-0

[Event "Torneo di Capodanno"]
[Site "Reggio Emilia ITA"]
[Date "2007.12.29"]
[EventDate "2007.12.29"]
[Round "1"]
[Result "1-0"]
[White "Zoltan Almasi"]
[Black "Pentala Harikrishna"]
[WhiteElo "2691"]
[BlackElo "2668"]
[PlyCount "79"]

1. e4 e5 2. Nf3 Nc6 3. Bc4 Nf6 4. d3 Be7 5. O-O O-O 6. Re1 d6
7. a4 Be6 8. Nc3 Qd7 9. a5 a6 10. h3 h6 11. Bd2 Rae8 12. Nd5
Bd8 13. Bb3 Nh7 14. Ba4 Qc8 15. b4 f5 16. c4 Bd7 17. b5 Ne7
18. Qb3 axb5 19. Nxe7+ Rxe7 20. cxb5+ Ref7 21. a6 fxe4
22. dxe4 Kh8 23. a7 Qa8 24. b6 c6 25. Re3 Nf6 26. Rd1 Be8
27. Ba5 Rd7 28. Qa3 Be7 29. Bb4 c5 30. Ba5 Rd8 31. Bxe8 Rfxe8
32. Nh4 Kh7 33. Qb3 Bf8 34. Qf7 Qc8 35. Rf3 Rd7 36. Qg6+ Kh8
37. Bd2 d5 38. Rxf6 gxf6 39. Ra1 dxe4 40. a8=Q 1-0

[Event "Torneo di Capodanno"]
[Site "Reggio Emilia ITA"]
[Date "2007.12.30"]
[EventDate "2007.12.29"]
[Round "2"]
[Result "1-0"]
[White "Pentala Harikrishna"]
[Black "Michele Godena"]
[WhiteElo "2668"]
[BlackElo "2535"]
[PlyCount "115"]

1. e4 e5 2. Nf3 Nc6 3. Bb5 Nf6 4. d3 Bc5 5. c3 O-O 6. O-O Re8
7. d4 Bf8 8. Re1 d6 9. Bg5 Bd7 10. Nbd2 h6 11. Bh4 g5 12. Bg3
Nxd4 13. Nxd4 exd4 14. Bxd7 Qxd7 15. cxd4 Bg7 16. e5 dxe5
17. dxe5 Nd5 18. Qb3 b6 19. Rad1 Qe6 20. Nf3 Ne7 21. Qxe6 fxe6
22. h4 Nf5 23. hxg5 Nxg3 24. fxg3 Rad8 25. gxh6 Bxh6 26. Kf2
c5 27. b3 Rd5 28. g4 Red8 29. Rxd5 Rxd5 30. g5 Bf8 31. Kg3 b5
32. Rc1 c4 33. bxc4 Rc5 34. Kf4 bxc4 35. Ke4 Kf7 36. Rc2 Bg7
37. Kd4 Rd5+ 38. Kxc4 Bxe5 39. Rf2 Bg3 40. Rf1 Rf5 41. a4 Bd6
42. Rh1 Rf4+ 43. Kb5 Rb4+ 44. Kc6 Rb6+ 45. Kd7 Bf4 46. a5 Rb5
47. Rh7+ Kg6 48. Rh6+ Kg7 49. a6 e5 50. Re6 Bg3 51. g6 Ra5
52. Ng5 Bf2 53. Ne4 Bb6 54. g4 Ra4 55. Nd6 Rd4 56. Kc6 Rxg4
57. Nf5+ Kf8 58. Kd5 1-0

[Event "ICC bullet blitz 1 0 u"]
[Site "Internet Chess Club"]
[Date "2008.06.25"]
[EventDate "?"]
[Round "-"]
[Result "1-0"]
[White "Pentala Harikrishna"]
[Black "NN"]
[WhiteElo "2604"]
[BlackElo "1546"]
[PlyCount "53"]

1. c4 e5 2. Nc3 Nc6 3. g3 d6 4. Bg2 Be6 5. d3 g6 6. Nf3 Bg7
7. O-O h6 8. Rb1 Qd7 9. b4 a6 10. Re1 Nf6 11. a4 O-O 12. b5
axb5 13. axb5 Nd8 14. Qb3 Nh5 15. Ba3 f5 16. Ra1 f4 17. Nd2
fxg3 18. hxg3 Bh3 19. Bh1 Qf5 20. Nce4 Kh7 21. c5 dxc5
22. Bxc5 Rf7 23. Rxa8 Ne6 24. Be3 Nef4 25. Nf3 Bg4 26. Qxf7
Qxf7 27. Nfg5+ 1-0

[Event "Mindsports"]
[Site "Beijing CHN"]
[Date "2008.10.13"]
[EventDate "2008.10.13"]
[Round "1"]
[Result "0-1"]
[White "Giulio Borgo"]
[Black "Pentala Harikrishna"]
[WhiteElo "2426"]
[BlackElo "2659"]
[PlyCount "86"]

1. e4 e5 2. Nf3 Nc6 3. d4 exd4 4. Nxd4 Bc5 5. Nxc6 bxc6 6. Bd3
Ne7 7. Qe2 O-O 8. Be3 Bb6 9. Nd2 d6 10. Nc4 Be6 11. Nxb6 axb6
12. O-O Qd7 13. a4 f5 14. f4 fxe4 15. Bxe4 Rae8 16. Qd3 Bf5
17. Bxf5 Qxf5 18. Rad1 Qxd3 19. Rxd3 Nd5 20. Bd2 Re4 21. a5
bxa5 22. g3 a4 23. Ra1 Rc4 24. c3 Rb8 25. Bc1 Re4 26. Kf2 Nf6
27. h3 Kf7 28. Re3 Rc4 29. Kf3 Nd5 30. Rd3 Re8 31. Rd1 Rce4
32. Bd2 Nb6 33. Re1 Rxe1 34. Bxe1 Nc4 35. Bf2 Nxb2 36. Ra2 Rb8
37. c4 Rb3+ 38. Ke2 a3 39. Bd4 Nxc4 40. g4 Rxh3 41. Bf2 Rb3
42. Bd4 Rb2+ 43. Bxb2 axb2 0-1

[Event "Mindsports"]
[Site "Beijing CHN"]
[Date "2008.10.13"]
[EventDate "2008.10.13"]
[Round "2"]
[Result "0-1"]
[White "Pentala Harikrishna"]
[Black "Mikhail Gurevich"]
[WhiteElo "2659"]
[BlackElo "2634"]
[PlyCount "62"]

1. d4 d6 2. e4 Nf6 3. Nc3 g6 4. Nf3 Bg7 5. Be2 O-O 6. O-O Bg4
7. Be3 Nc6 8. Nd2 Bxe2 9. Qxe2 Re8 10. Rad1 e5 11. dxe5 Nxe5
12. h3 Ned7 13. Bg5 h6 14. Bh4 Re6 15. Rfe1 c6 16. Qf1 Qe8
17. Nc4 Qf8 18. Re2 Nb6 19. Red2 Nxc4 20. Qxc4 Nxe4 21. Nxe4
d5 22. Rxd5 cxd5 23. Rxd5 Rc8 24. Qd3 Qb4 25. f3 Qxb2 26. c4
Qc1+ 27. Kh2 Qxc4 28. Rd8+ Rxd8 29. Qxc4 Rd4 30. Qc8+ Kh7
31. Qxb7 Be5+ 0-1

[Event "Mindsports"]
[Site "Beijing CHN"]
[Date "2008.10.13"]
[EventDate "2008.10.13"]
[Round "10"]
[Result "0-1"]
[White "Manuel Leon Hoyos"]
[Black "Pentala Harikrishna"]
[WhiteElo "2535"]
[BlackElo "2659"]
[PlyCount "91"]

1. Nf3 Nf6 2. g3 d5 3. Bg2 c6 4. O-O Bg4 5. d3 Nbd7 6. Nbd2 e5
7. e4 dxe4 8. dxe4 Bc5 9. Qe1 O-O 10. b3 a5 11. a4 Qc7 12. Bb2
Rfe8 13. Nc4 Bh5 14. Nh4 Bd4 15. h3 Bxb2 16. Nxb2 Nc5 17. Qe3
Ne6 18. Nf5 Bg6 19. c3 b6 20. Nc4 Bxf5 21. exf5 Nc5 22. Rfd1
Nd5 23. Bxd5 cxd5 24. Nd2 Rad8 25. b4 d4 26. cxd4 exd4 27. Qa3
Re3 28. fxe3 Qxg3+ 29. Kf1 Qxh3+ 30. Kg1 Qg3+ 31. Kf1 dxe3
32. Ne4 e2+ 33. Kxe2 Qg2+ 34. Nf2 Re8+ 35. Qe3 Rxe3+ 36. Kxe3
Nb7 37. bxa5 bxa5 38. Rab1 h5 39. Rg1 Qd5 40. Ne4 Kf8 41. Rb5
Qd7 42. Rc1 Nd6 43. Rb8+ Ke7 44. Nxd6 Qxd6 45. Rb5 Qh6+
46. Kd4 0-1

[Event "Mindsports"]
[Site "Beijing CHN"]
[Date "2008.10.14"]
[EventDate "2008.10.13"]
[Round "2.2"]
[Result "1-0"]
[White "Anton Korobov"]
[Black "Pentala Harikrishna"]
[WhiteElo "2605"]
[BlackElo "2659"]
[PlyCount "189"]

1. d4 d5 2. c4 c6 3. Nc3 Nf6 4. Nf3 dxc4 5. a4 Bf5 6. Ne5 Nbd7
7. Nxc4 Nb6 8. Ne5 a5 9. g3 e6 10. Bg2 Bb4 11. O-O O-O 12. e3
h6 13. Qe2 Bh7 14. Rd1 Nbd7 15. Nd3 Qb6 16. Na2 Be7 17. Nc3
Rfd8 18. e4 Qxd4 19. Be3 Qc4 20. Rac1 Qa6 21. f4 Bb4 22. Bf2
Bf8 23. e5 Nd5 24. Ne4 Nb4 25. Bf1 Rac8 26. Nxb4 Qxe2 27. Bxe2
Bxe4 28. Nd3 b5 29. Nc5 Nxc5 30. Rxd8 Rxd8 31. Bxc5 Bxc5+
32. Rxc5 Rd2 33. axb5 cxb5 34. Bxb5 Rg2+ 35. Kf1 Rxb2 36. Rc8+
Kh7 37. Be8 Bg6 38. h4 a4 39. Bxa4 Bd3+ 40. Ke1 Rg2 41. Be8
Bg6 42. Rc3 h5 43. Kf1 Rb2 44. Rc7 Rb1+ 45. Kf2 Rb2+ 46. Ke3
Rb3+ 47. Kf2 Rb2+ 48. Ke1 Kg8 49. Rc8 Rb1+ 50. Kd2 Kh7 51. Rc7
Rb2+ 52. Kc1 Rb1+ 53. Kd2 Rb2+ 54. Ke1 Rb1+ 55. Kf2 Kg8
56. Bc6 Rc1 57. Rc8+ Kh7 58. Bb7 Rb1 59. Bf3 Rb2+ 60. Ke1 Rb3
61. Kf2 Rb2+ 62. Ke3 Rb3+ 63. Kf2 Rb2+ 64. Ke1 Rb1+ 65. Kf2
Rb2+ 66. Ke3 Rb4 67. Rc3 Rb2 68. Be2 Rb1 69. g4 hxg4 70. Bxg4
Rh1 71. Kf3 Rxh4 72. Kg3 Rh1 73. Rc7 Rg1+ 74. Kh3 Kg8 75. Rc8+
Kh7 76. Rb8 Rf1 77. Kg3 Rg1+ 78. Kh3 Be4 79. Be2 Re1 80. Rb2
Kg6 81. Kg3 Rg1+ 82. Kf2 Rg2+ 83. Ke3 Bd5 84. Bd3+ Kh5 85. Rb8
Rg3+ 86. Kd4 Kg4 87. Rf8 Rf3 88. Be2 f6 89. exf6 gxf6 90. Rxf6
Kg3 91. Bxf3 Kxf3 92. f5 Kf4 93. fxe6+ Kg5 94. Kxd5 Kxf6
95. Kd6 1-0

[Event "Mindsports"]
[Site "Beijing CHN"]
[Date "2008.10.14"]
[EventDate "2008.10.14"]
[Round "2"]
[Result "1/2-1/2"]
[White "Hoang Thong Tu"]
[Black "Pentala Harikrishna"]
[WhiteElo "2496"]
[BlackElo "2659"]
[PlyCount "98"]

1. d4 d5 2. Nf3 Nf6 3. c4 c6 4. Nbd2 Bf5 5. Nh4 Be4 6. Qb3 Qc7
7. e3 e6 8. Nhf3 Bf5 9. Nh4 Be4 10. Nhf3 Bg6 11. Nh4 Nbd7
12. Nxg6 hxg6 13. g3 Be7 14. Bg2 O-O 15. O-O Rac8 16. e4 dxe4
17. Nxe4 Nxe4 18. Bxe4 Nf6 19. Bg2 Rfd8 20. Be3 b6 21. Rad1 c5
22. Bf4 Bd6 23. Bxd6 Qxd6 24. d5 e5 25. Rfe1 Re8 26. Rd2 Rc7
27. Rde2 Rce7 28. Qa4 e4 29. Qc2 e3 30. Rxe3 Rxe3 31. Rxe3
Rxe3 32. fxe3 Qe5 33. Qd2 Ne8 34. Bf1 Nd6 35. Bd3 g5 36. Qf2
g6 37. Qd2 Kg7 38. Qf2 f5 39. Qd2 Kf6 40. Kf2 Ke7 41. b4 Nb7
42. a3 Kf6 43. Qc2 Nd6 44. bxc5 bxc5 45. Qd2 Qa1 46. Qa5 Qb2+
47. Ke1 Qc1+ 48. Ke2 Qb2+ 49. Ke1 Ke5 1/2-1/2

[Event "Mindsports"]
[Site "Beijing CHN"]
[Date "2008.10.15"]
[EventDate "2008.10.14"]
[Round "3"]
[Result "1-0"]
[White "Pentala Harikrishna"]
[Black "Rolando Nolte"]
[WhiteElo "2659"]
[BlackElo "2489"]
[PlyCount "77"]

1. d4 Nf6 2. c4 c6 3. Nc3 d5 4. Nf3 a6 5. Bd2 dxc4 6. a4 c5
7. dxc5 e5 8. Nxe5 Be6 9. e3 Qc7 10. Nxc4 Bxc5 11. Be2 O-O
12. O-O Nc6 13. b3 Rad8 14. Qc2 Rd7 15. Rad1 Rfd8 16. Bc1 Nb4
17. Qb1 Ng4 18. g3 Nf6 19. Bb2 Bh3 20. Rxd7 Rxd7 21. Rd1 Qc6
22. Bf1 Bxf1 23. Rxf1 Rd8 24. Rd1 Rxd1+ 25. Qxd1 h5 26. Ne2
Nbd5 27. Nd4 Qe8 28. Qf3 b5 29. axb5 axb5 30. Nd2 Bb4 31. Qe2
Bc3 32. Bxc3 Nxc3 33. Qd3 b4 34. Qc4 Nfd5 35. Qc6 Qd8 36. N2f3
Ne4 37. Ne6 Qf6 38. Qe8+ Kh7 39. Nf8+ 1-0

[Event "Mindsports"]
[Site "Beijing CHN"]
[Date "2008.10.15"]
[EventDate "2008.10.14"]
[Round "5"]
[Result "0-1"]
[White "Pentala Harikrishna"]
[Black "Robert Ruck"]
[WhiteElo "2659"]
[BlackElo "2574"]
[PlyCount "62"]

1. d4 d5 2. c4 c6 3. Nf3 Nf6 4. Nc3 dxc4 5. a4 e6 6. e4 Bb4
7. Bg5 Bxc3+ 8. bxc3 Qa5 9. e5 Ne4 10. Rc1 Nd7 11. Qe2 f5
12. Qxc4 Nb6 13. Qb3 Qxa4 14. Qb2 Qa5 15. Bd3 Nxg5 16. Nxg5
Qd5 17. O-O O-O 18. c4 Qd8 19. Nf3 Bd7 20. c5 Nd5 21. Qxb7 Be8
22. Ng5 Qxg5 23. Qxa8 Nf4 24. g3 Nxd3 25. Rb1 f4 26. Rb3 Qf5
27. Rb8 Qh5 28. Qxa7 f3 29. h4 Qg4 30. Rb7 Bf7 31. Rfb1 Qh3
0-1

[Event "European Club Cup"]
[Site "Kallithea GRE"]
[Date "2008.10.19"]
[EventDate "2008.10.17"]
[Round "3"]
[Result "0-1"]
[White "Pavel Simacek"]
[Black "Pentala Harikrishna"]
[WhiteElo "2477"]
[BlackElo "2659"]
[PlyCount "76"]

1. e4 e5 2. Nf3 d6 3. d4 exd4 4. Nxd4 Nf6 5. Nc3 Be7 6. Be2
O-O 7. O-O Re8 8. f4 Bf8 9. Bf3 c5 10. Nb3 Nc6 11. Re1 a5
12. a4 Be6 13. Be3 Qb6 14. Nd5 Bxd5 15. exd5 Nb4 16. Qd2 Qa6
17. Rad1 Qc4 18. Na1 Qa2 19. c3 Na6 20. Qc2 c4 21. Bd4 Nd7
22. Bg4 Ndc5 23. Qf5 Qxa4 24. Nc2 Rxe1+ 25. Rxe1 Re8 26. Ra1
Qb5 27. Bh5 Re7 28. Re1 Qe8 29. Re3 Rxe3 30. Nxe3 Nb3 31. Kf2
g6 32. Ng4 Nxd4 33. Nf6+ Kh8 34. cxd4 Qd8 35. Bxg6 fxg6
36. Qe6 Bg7 37. Ne8 Bxd4+ 38. Kf3 Nc7 0-1

[Event "European Club Cup"]
[Site "Kallithea GRE"]
[Date "2008.10.21"]
[EventDate "2008.10.17"]
[Round "5"]
[Result "1-0"]
[White "Pentala Harikrishna"]
[Black "Arman Pashikian"]
[WhiteElo "2659"]
[BlackElo "2611"]
[PlyCount "85"]

1. Nf3 Nf6 2. c4 e6 3. g3 d5 4. Bg2 Be7 5. O-O O-O 6. d4 dxc4
7. Qc2 a6 8. Qxc4 b5 9. Qc2 Bb7 10. Bd2 Bd6 11. Re1 Be4
12. Qc1 Bb7 13. Bg5 Nbd7 14. e4 Be7 15. Nbd2 c5 16. Bxf6 Bxf6
17. dxc5 Rc8 18. b4 Bxa1 19. Qxa1 Nxc5 20. bxc5 Rxc5 21. Nb3
Rc8 22. e5 Qb6 23. Ng5 Rc2 24. Qd4 Qxd4 25. Nxd4 Rc7 26. Ndxe6
fxe6 27. Nxe6 Rfc8 28. Nxc7 Rxc7 29. Bxb7 Rxb7 30. Rc1 b4
31. Rc5 Kf7 32. f4 Ke6 33. Rc6+ Kf5 34. Kg2 Ke4 35. Rxa6 g5
36. fxg5 Kxe5 37. h4 Kf5 38. Kf3 b3 39. Rf6+ Ke5 40. axb3 h5
41. Rh6 Kf5 42. Kg2 Kg4 43. Rf6 1-0